The manufacture of sulfuric acid /
Guardado en:
| Otros Autores: | , |
|---|---|
| Formato: | Libro |
| Idioma: | English |
| Publicado: |
New York :
Reinhold,
1959.
|
| Etiquetas: |
Agregar Etiqueta
Sin Etiquetas, Sea el primero en etiquetar este registro!
|
| LEADER | 00512nam a22001575a 4500 | ||
|---|---|---|---|
| 001 | EUN.um036629 | ||
| 003 | AR-BaUNS | ||
| 005 | 20050623122909.0 | ||
| 008 | 041125s1959####xxua##########000#0#eng#d | ||
| 245 | 0 | 4 | |a The manufacture of sulfuric acid / |c Werner W. Duecker, James R. West. |
| 260 | |a New York : |b Reinhold, |c 1959. | ||
| 300 | |a 492 p. : |b ilus. ; |c 23,5 cm. | ||
| 700 | 1 | |a Duecker, Werner W. |e edición. | |
| 700 | 1 | |a West, James R. |e edición. | |
| 082 | 0 | 4 | |a 661.2 |
| 859 | |a Ar-BaUNS |b BIB. CENTRAL - Sector C |h 661.2 |i D868 |p 2078/962 | ||
